01463nam a22001697a 4500003000900000005001700009008004100026040001300067100005000080245003100130250000600161260002000167300001700187490005900204500021400263520081600477IT-RoPau20220918175936.0121206b xxu||||| |||| 00| 0 eng d cIT-RoPau aAlberione GiacomoqFondatore Famiglia Paolina aIl lavoro e la Provvidenza aI aRomabSSPc1987 a70 p.c21 cm aEdizioni Archivio Storico Generale Famiglia PaolinavI aIl 1954 fu un anno particolarmentwe importante nella vita di D. Alberione. Il 4 aprile ricorreva il suo settantesimo genetliaco e il 20 agosto il quarentesimo della fondazione della Pia Società San Paolo.  aINDICE Introduzione LAVORO 1. Principi 2. Nobiltà del lavoro 3. Ragioni di nobiltà 4. L' educazione al lavoro 5. San Paolo Apostolo 6. Labiorosità 7. Oziosità 8. Beneficenza 9. Povertà religiosa 10. Le doti dei Paolini 11. Insegnare il lavoro 12. Lavoro ordinato 13. Dedizione e costanza 14. Utilizzare il tempo 15. Far bene 16. Soprannaturalità 17. Buona redazione 18. Lavoro tecnico 19. Propaganda 20. Natura del riposo 21. Il Maestro dei Maestri 22. Vocazioni 23. Al lavoro 24. Fede Maria Regina del lavoro PROVVIDENZA 1. Principi 2. Abbondanza di riuscita 3. Segreto di riuscita 4. Cooperatore Paolino 5. Prudenza e zelo 6. Ostacoli alla Divina Provvidenza 7. Imitare Dio 8. Conclusioni NOTE Il lavoro Maria Regina degli Apostoli La Provvidenza Appendice